| 000 | 00731nam a2200181Ia 4500 | ||
|---|---|---|---|
| 008 | 210719s2019 xx 000 0 und d | ||
| 041 | _akan | ||
| 082 | _a294.535K HARS | ||
| 100 | _aHARSHENDRA KUMAR (Di);VASANTHAKUMAR PERLA | ||
| 245 | _aSuvarna sanchaya 13: Devapura kuduma | ||
| 260 |
_aUjire _bGolden Jubilee Celebrartion Committee, Dharmastala _c2019 |
||
| 300 |
_a148 _bPB |
||
| 365 |
_b150 _cRs |
||
| 440 |
_aShri D Veerendra Heggadeyavara pattabisheka suvarna mahotsava pustaka malike _v13 |
||
| 650 | _aHinduism | ||
| 650 | _aHinduism | ||
| 906 | _a13: ; Devapura ; Heggadeyavara ; history ; kuduma ; mahotsava ; malike ; parampare ; pattabisheka ; pustaka ; sanchaya ; Suvarna ; valadalita ; Veerendra ; vidhividhana | ||
| 999 |
_c216047 _d216047 |
||